01672nam a22001937a 450000500170000000800410001702000180005804000070007604100080008308200250009110000170011624500590013326000530019230000300024536500720027552010620034765000370140970000320144620230320094539.0230314b ||||| |||| 00| 0 eng d a9781138972407 cAL aeng 223a658.312404bFORI aKevin Ford J aImproving training effectiveness in work organizations aLondonbRoutledge Taylor and Francis Groupc2016 axii,399p.bPBc23x15.2cm. 2GeneralaABDI/0592/22b₹3211.35c₹d₹4281.80e25%f29-08-2022 aThis compelling volume presents the work of innovative researchers dealing with current issues in training and training effectiveness in work organizations. Each chapter provides an integrative summary of a research area with the goal of developing a specific research agenda that will not only stimulate thinking in the training field but also direct future research. By concentrating on new ideas and critical methodological and measurement issues rather than summarizing existing literature, the volume offers definitive suggestions for advancing the effectiveness of the training field. Its chapters focus on emerging issues in training that have important implications for improving both training design and efficacy. They discuss various levels of analysis-- intra-individual, inter-individual, team, and organizational issues--and the factors relevant to achieving a better understanding of training effectiveness from these different perspectives. This type of coverage provides a theoretically driven scientist/practitioner orientation to the book. 2ManagementaPersonnel Management aKozlowski, Steve W J; et al